| 000 | 00510 a2200181 4500 | ||
|---|---|---|---|
| 003 | OSt | ||
| 005 | 20240127132107.0 | ||
| 008 | 240127b |||||||| |||| 00| 0 eng d | ||
| 020 | _a9789389836042 | ||
| 040 | _coclc | ||
| 082 |
_a923.154 _bMUK/A |
||
| 100 | 1 |
_aMukhoty, Ira _99695 |
|
| 245 |
_aAkbar: _bThe Great Mughal / _cIra Mukhoty |
||
| 250 | _a1st ed. | ||
| 260 |
_aNew Delhi: _bAleph Book company, _c2020. |
||
| 300 | _a544p. | ||
| 942 |
_2ddc _cBK _h923.154 _iMUK/A _k923.154 _mMUK/A |
||
| 999 |
_c43335 _d43335 |
||